The night of the iguana

محفوظ في:
التفاصيل البيبلوغرافية
المؤلف الرئيسي: Williams, Tennessee
التنسيق: كتاب
اللغة:Undetermined
منشور في: New York, Estados Unidos A signet book 1961
الطبعة:7
الموضوعات:
الوسوم: إضافة وسم
لا توجد وسوم, كن أول من يضع وسما على هذه التسجيلة!

MARC

LEADER 00000nam a2200000Ia 4500
008 170316s9999 xx 000 0 und d
090 |a 810 W-33n 
100 |a Williams, Tennessee 
245 4 |a The night of the iguana 
250 |a 7 
260 |a New York, Estados Unidos 
260 |b A signet book 
260 |c 1961 
300 |a 127 páginas 
650 |a LITERATURA ESTADOUNIDENSE 
999 |c 21685  |d 21685 
040 |a cru BVZT 
942 |c 15 D  |h 810 W-33n  |2 z